000 00754nam a2200217Ii 4500
003 JO-AjNU
008 230605s9999||||xx |||||||||||||| ||und||
020 _a1-56564-322-4
040 _aJO-AjNU
_bara
_erda
_cJO-AjNU
041 _aara
050 1 4 _aBP456.B37 2008
100 3 _aبزا، عبد النور,
_eauthor
_952273
245 0 0 _aمصالح الإنسان مقاربة مقاصدية
250 _aط1
264 3 1 _aفيرجينيا: المعهد العالمي للفكر الاسلامي، 2008
300 _a448ص
_bالمصادر والمراجع ص 435-448
336 _atext
_btxt
_2rdacontent
337 _aunmediated
_bn
_2rdamedia
338 _avolume
_bnc
_2rdacarrier
650 4 _aالاسلام وحقوق الانسان
_952274
999 _aA23146
_c26714
_d26714